[Event "Montreal op"]
[Site "Montreal"]
[Date "1996.??.??"]
[Round "3"]
[White "Prahov, Valentin"]
[Black "Levtchouk, George"]
[Result "0-1"]
[WhiteElo "2250"]
[BlackElo "2345"]

1.e4 g6 2.d4 Bg7 3.Nc3 d6 4.f4 a6 5.Nf3 b5 6.Bd3 Nd7 7.O-O c5 8.Be3 cxd4
9.Nxd4 Bb7 10.Qf3 Ngf6 11.Rae1 O-O 12.g4 e5 13.Nde2 exf4 14.Qxf4 b4 15.Na4 d5
16.Ng3 dxe4 17.Nxe4 Nd5 18.Qf2 Bc6 19.b3 Ne5 20.Bc5 Nxg4 21.Qg3 f5 22.Nd6 Qg5
23.Bc4 Kh8 24.Bxd5 Bxd5 25.Qd3 Bc6 26.Nc4 Qd8 27.h3 Qh4 28.Be7 Nf6 29.Re3 f4
30.Bxf8 Rxf8 31.Ref3 Ne4 32.Nd6 Ng5 33.Kh2 Be5 34.Nc4  0-1

[Event "Montreal op"]
[Site "Montreal"]
[Date "1996.??.??"]
[Round "4"]
[White "Spraggett, Kevin"]
[Black "Levtchouk, George"]
[Result "1-0"]
[WhiteElo "2545"]
[BlackElo "2345"]

1.e4 g6 2.d4 Bg7 3.Nc3 d6 4.Be3 a6 5.Qd2 b5 6.a4 b4 7.Nd1 a5 8.c3 bxc3 9.bxc3 Nf6
10.f3 c6 11.h4 Nbd7 12.Bh6 Bxh6 13.Qxh6 e5 14.Bd3 Qe7 15.Ne2 Ba6 16.Bxa6 Rxa6
17.O-O Ng8 18.Qg5 Qxg5 19.hxg5 h6 20.gxh6 Nxh6 21.Ne3 Kd8 22.Ra2 Kc7 23.f4 f6
24.fxe5 fxe5 25.d5 Raa8 26.c4 Rhf8 27.Rd1 Rab8 28.dxc6 Kxc6 29.Rad2 Nf7 30.Nd5 Nc5
31.Nec3 Kd7 32.Re2 Ng5 33.Re3 Rb2 34.Rg3 Ngxe4 35.Nxe4 Nxe4 36.Rxg6 Rf7 37.c5 Nxc5
38.Ne3 Nb7 39.Nc4 Re2 40.Nxd6 Nxd6 41.Rdxd6+ Ke7 42.Ra6 e4 43.Ra7+ Kf8 44.Ra8+ Ke7
45.Rxa5 e3 46.Rg4 Re1+ 47.Kh2 e2 48.Kg3 Rf6 49.Re5+ Kf7 50.Ree4 Rf5 51.Re3 Kf6
52.Ree4 Kf7 53.Re3 Kf6 54.Rge4 Rd5 55.Rf3+ Kg6 56.Ra3 Kf5 57.Re8 Re5 58.Rxe5+ Kxe5
59.Kf2 Rg1 60.Re3+ Kd6 61.Rxe2 Ra1 62.Kf3 Kd5 63.Kf4 Rxa4+ 64.Kf5 Ra1 65.Rd2+ Kc6
66.g4 Rf1+ 67.Kg6  1-0

[Event "Moravia-ch op"]
[Site "Moravia"]
[Date "1996.??.??"]
[Round "?"]
[White "Sekac, Martin"]
[Black "Majer, Jiri"]
[Result "1-0"]
[WhiteElo "2215"]
[BlackElo "2220"]

1.e4 g6 2.d4 Bg7 3.Nc3 d6 4.f4 Nf6 5.Nf3 c5 6.Be3 cxd4 7.Nxd4 O-O 8.Qd2 Nc6
9.h3 Nxd4 10.Bxd4 e5 11.Be3 exf4 12.Bxf4 Qb6 13.Bd3 Qxb2 14.Rb1 Qa3 15.Rb3 Qa5
16.Bxd6 Re8 17.O-O Be6 18.Rxb7 Nd5 19.exd5 Bxc3 20.Qg5 Qxd5 21.Qxd5 Bxd5
22.Rc7 Bd4+ 23.Kh2 Bb6 24.Rd7 Be6 25.Rb7 Rad8 26.Bb5 Bd5 27.Bxe8 Bxb7 28.Bxf7+ Kg7
29.Be5+ Kh6 30.Bc4 Re8 31.Bf4+ Kg7 32.Bg5  1-0

[Event "Moscow GM3"]
[Site "Moscow"]
[Date "1996.??.??"]
[Round "?"]
[White "Aleksandrov, Aleksej"]
[Black "Iskusnyh, Sergei"]
[Result "1-0"]
[WhiteElo "2535"]
[BlackElo "2460"]

1.d4 g6 2.e4 Bg7 3.Nc3 d6 4.Be3 c6 5.h3 b5 6.a3 Nd7 7.f4 Nb6 8.Bf2 Nf6 9.g4 Bb7
10.Bg2 e5 11.dxe5 dxe5 12.f5 Qxd1+ 13.Rxd1 Nc4 14.Bf1 gxf5 15.exf5 Nxb2 16.Rb1 e4
17.g5 O-O-O 18.Bh4 Nd7 19.f6 Nxf6 20.gxf6 Bh6 21.Rh2 Rhg8 22.Rxb2 Rxg1 23.Nxe4 Rd4
24.Re2 c5 25.Bf2 Rxf1+ 26.Kxf1 Rxe4 27.Rxe4 Bxe4 28.Rxb5 Bc1 29.Rxc5+ Kb7
30.a4 a6 31.a5 Bb2 32.Rc4  1-0

[Event "Moscow GM3"]
[Site "Moscow"]
[Date "1996.??.??"]
[Round "?"]
[White "Vlassov, Nikolai"]
[Black "Najer, Evgeniy"]
[Result "1-0"]
[WhiteElo "2380"]
[BlackElo "2455"]

1.e4 d6 2.d4 g6 3.Nc3 Bg7 4.h4 Nf6 5.Be2 c5 6.dxc5 Qa5 7.Kf1 Qxc5 8.h5 gxh5
9.Nh3 Nc6 10.Nf4 Qd4 11.Bd3 Bg4 12.f3 Be6 13.Qe1 Qe5 14.Bb5 Qc5 15.Be3 Qb4
16.a3 Qa5 17.b4 Qc7 18.Rd1 a6 19.Nxe6 fxe6 20.Ba4 Kf7 21.Ne2 Ne5 22.Qh4 Nc4
23.Bc1 a5 24.bxa5 Rxa5 25.Bb3 Rc5 26.Nf4 b5 27.Nd3 Rc6 28.Qg5 Qb6 29.a4 bxa4
30.Bxa4 Rc7 31.Bb3 Rhc8 32.Rh3 h6 33.Qf4 Qb5 34.Rg3 e5 35.Qf5 Kf8 36.Qg6 e6
37.Bxh6 Ne8 38.Qxe6 h4 39.Rg6  1-0

[Event "Moscow GM3"]
[Site "Moscow"]
[Date "1996.??.??"]
[Round "?"]
[White "Vlassov, Nikolai"]
[Black "Korotylev, Alexey"]
[Result "1-0"]
[WhiteElo "2380"]
[BlackElo "2440"]

1.e4 d6 2.d4 g6 3.Nc3 Bg7 4.h4 Nf6 5.Be2 Nc6 6.h5 gxh5 7.Bg5 h6 8.Bh4 Ng4
9.Nf3 f5 10.Qd2 O-O 11.O-O-O fxe4 12.Nxe4 d5 13.Ng3 Nxf2 14.Nxh5 Nxh1 15.Rxh1 Qd6
16.Bg3 Qg6 17.Bf4 Bh8 18.Bxh6 Rf7 19.Nf4 Qd6 20.Rh5 Rf5 21.Bg5 Bf6 22.Nh3 Qg3
23.Rh6 Kg7 24.Bd3 Bxg5 25.Nfxg5 Rf6 26.Rh7+ Kg8 27.c4 Bxh3 28.Rxh3 Qg4 29.cxd5 Nxd4
30.Ne4 Raf8 31.Nxf6+ Rxf6 32.Qe3 Qf4 33.Kd2 Qxe3+ 34.Kxe3 Nf5+ 35.Bxf5 Rxf5
36.Rg3+ Kh7 37.Kd4 Rf2 38.Re3 Rxg2 39.Rxe7+ Kg6 40.Rxc7 Rxb2 41.Ke5 Rxa2
42.Rxb7 a5 43.d6 Re2+ 44.Kd5 Rd2+ 45.Kc6 Rc2+ 46.Kd7 a4 47.Ra7 Ra2 48.Kd8 a3
49.d7 Ra1 50.Rc7 a2 51.Rc2  1-0

[Event "RUS-Cup2"]
[Site "Moscow"]
[Date "1996.??.??"]
[Round "1"]
[White "Balashov, Yuri S"]
[Black "Krasnov, Sergey"]
[Result "1/2-1/2"]
[WhiteElo "2530"]
[BlackElo "2295"]

1.e4 g6 2.d4 Bg7 3.Nc3 d6 4.Nf3 Nf6 5.Be2 O-O 6.O-O c6 7.a4 Qc7 8.a5 e5 9.Re1 Re8
10.d5 Nbd7 11.Bf1 a6 12.Nd2 cxd5 13.Nxd5 Nxd5 14.exd5 f5 15.Nc4 Nf6 16.Nb6 Rb8
17.b4 f4 18.c4 Bg4 19.Qb3 Kh8 20.c5 g5 21.Nc4 dxc5 22.d6 Qd7 23.bxc5 e4 24.Bb2 Rbc8
25.Nd2 Be6 26.Qb4 e3 27.fxe3 Nd5 28.Bxg7+ Qxg7 29.Qd4 Nxe3 30.Qxg7+ Kxg7
31.Rec1 Red8 32.Bd3 Bd5 33.Be4 Rd7 34.Rab1 Kf7 35.Bxd5+ Nxd5 36.Rc4 Ne3 37.Rcb4 Ke6
38.Ne4 Kf5 39.Rxb7 Rxb7 40.Rxb7 Kxe4 41.d7 Rxc5 42.Rb4+ Ke5 43.d8=Q Rc1+
44.Kf2 Rc2+ 45.Ke1 Nxg2+ 46.Kf1 Ne3+ 47.Kg1 Rc1+ 48.Kf2  1/2-1/2

[Event "Moscow Alekhine op"]
[Site "Moscow"]
[Date "1996.??.??"]
[Round "2"]
[White "Guliev, Logman"]
[Black "Balashov, Yuri S"]
[Result "0-1"]
[WhiteElo "2350"]
[BlackElo "2480"]

1.e4 d6 2.d4 g6 3.Nc3 Bg7 4.f4 Nf6 5.Nf3 O-O 6.Bd3 Nc6 7.O-O Bg4 8.Be3 e5
9.dxe5 dxe5 10.h3 exf4 11.Bxf4 Nh5 12.Bh2 Bxf3 13.Qxf3 Ne5 14.Qe2 c6 15.g4 Qb6+
16.Qf2 Nf3+ 17.Kg2 Nxh2 18.Qxb6 axb6 19.Kxh2 Be5+ 20.Kg1 Nf4 21.Rf3 b5 22.g5 b4
23.Nd1 Rfd8 24.Kf1 b3 25.a3 Ne6 26.h4 Nd4 27.Rf2 bxc2 28.Bxc2 Bg3 29.Rg2 Nxc2
30.Rxc2 Bxh4 31.Rg2 Ra5  0-1

[Event "Moscow Alekhine op"]
[Site "Moscow"]
[Date "1996.??.??"]
[Round "2"]
[White "Voitsekhovsky, Stanislav"]
[Black "Krasnov, Sergey"]
[Result "0-1"]
[WhiteElo "2485"]
[BlackElo "2340"]

1.e4 g6 2.d4 Bg7 3.Nc3 d6 4.Be3 c6 5.Qd2 Qa5 6.f4 Nf6 7.Nf3 O-O 8.Bd3 Nbd7
9.O-O Ng4 10.e5 Qb6 11.Na4 Qc7 12.Rac1 b5 13.Nc3 Nb6 14.Bf2 Nxf2 15.Qxf2 b4
16.Ne4 Nd5 17.Neg5 h6 18.Qh4 f5 19.exf6 Rxf6 20.Ne4 Rxf4 21.Qf2 Bg4 22.Qg3 Raf8
23.Nh4 Bxd4+ 24.Kh1 Be5 25.Rxf4 Rxf4 26.Nxg6 Rf1+ 27.Rxf1 Bxg3 28.Nxg3 Nf6
29.h3 d5 30.Nf5 Bxf5 31.Rxf5 Kf7 32.Re5 e6 33.Nh8+ Ke7 34.Bf5 Qxe5 35.Ng6+ Kd6
36.Nxe5 Kxe5 37.Bg6 Kf4 38.Kh2 e5 39.g4 e4 40.Kg2 c5 41.Kf2 d4 42.Bf7 Nd7
43.Be6 Ne5 44.Ke2 c4  0-1

[Event "Moscow-ch"]
[Site "Moscow"]
[Date "1996.??.??"]
[Round "2"]
[White "Osadchenko, Andrei"]
[Black "Moizhess, Igor"]
[Result "0-1"]
[WhiteElo "2180"]
[BlackElo "2410"]

1.e4 g6 2.d4 Bg7 3.Nc3 d6 4.Be3 a6 5.Nf3 Nf6 6.e5 Ng4 7.Bf4 Nc6 8.exd6 cxd6
9.Be2 O-O 10.O-O e5 11.dxe5 dxe5 12.Bg3 Nh6 13.Re1 Nf5 14.Bc4 Nxg3 15.Qxd8 Rxd8
16.hxg3 Bf5 17.Nd5 e4 18.Ng5 h6 19.Nxe4 Ne5 20.Nb6 Nxc4 21.Nxc4 b5 22.Ncd6 Bxb2
23.Rab1 Bg7 24.Rbd1 Be6 25.a3 Bf8 26.Rd2 Rab8 27.Red1 Be7 28.Nc5 Rb6 29.Nde4 Rxd2
30.Rxd2 Rc6 31.Nd3 Bf5 32.Ne5 Re6  0-1

[Event "Moscow-ch"]
[Site "Moscow"]
[Date "1996.??.??"]
[Round "2"]
[White "Zakharov, Alexander S"]
[Black "Korotylev, Alexey"]
[Result "0-1"]
[WhiteElo "2340"]
[BlackElo "2435"]

1.e4 g6 2.d4 Bg7 3.Nc3 d6 4.f4 Nf6 5.Nf3 c5 6.dxc5 Qa5 7.Bd3 Qxc5 8.Qe2 Bg4
9.Nb5 a6 10.Be3 Qc8 11.Nc3 O-O 12.O-O Nc6 13.h3 Bxf3 14.Qxf3 Nd7 15.Rab1 Qd8
16.Ne2 Rc8 17.b4 e6 18.Qf2 f5 19.exf5 exf5 20.b5 axb5 21.Rxb5 Na5 22.Nd4 Nc5
23.Qf3 Nc6 24.Nb3 Nxd3 25.Qd5+ Kh8 26.Qxd3 Qe7 27.Bf2 Rfe8 28.Nd2 Ra8 29.Re1 Qc7
30.Rxe8+ Rxe8 31.Qc4 Qe7 32.Rb1 d5 33.Qa4 Qc7 34.Nf3 h6 35.Qb5 Qxf4 36.Qxd5 Re7
37.Bc5 Re2 38.Bf2 Rxc2 39.Rxb7 Rc1+ 40.Be1 Rxe1+ 41.Nxe1 Bd4+  0-1

[Event "Moscow-ch"]
[Site "Moscow"]
[Date "1996.??.??"]
[Round "4"]
[White "Bereslavsky, Mikhail"]
[Black "Krasnov, Sergey"]
[Result "0-1"]
[WhiteElo "2185"]
[BlackElo "2295"]

1.e4 g6 2.d4 Bg7 3.Nc3 d6 4.Be2 Nf6 5.h4 h5 6.Nh3 Nc6 7.Nf4 O-O 8.f3 e5 9.dxe5 Nxe5
10.Nfd5 Nxd5 11.Nxd5 c6 12.Nc3 Be6 13.Bg5 Qb6 14.Qc1 d5 15.Bd3 f5 16.Rb1 fxe4
17.fxe4 Nxd3+ 18.cxd3 Qf2+ 19.Kd1 Bg4+  0-1

[Event "Moscow-ch"]
[Site "Moscow"]
[Date "1996.??.??"]
[Round "4"]
[White "Mirzoeva, Elvira"]
[Black "Bobron, Yury"]
[Result "0-1"]
[WhiteElo "2010"]
[BlackElo "2240"]

1.e4 d6 2.d4 g6 3.Nc3 Bg7 4.Be3 c6 5.f3 b5 6.Qd2 a5 7.Bd3 h5 8.Nge2 Ba6 9.a4 b4
10.Nd1 Nd7 11.f4 e6 12.Bxa6 Rxa6 13.Qd3 Ra8 14.f5 Ne7 15.fxe6 fxe6 16.Nf4 Nf8
17.Nf2 Qc8 18.O-O-O Qa6 19.Qb3 d5 20.exd5 cxd5 21.N2d3 Nd7 22.Rhe1 O-O 23.Nxe6 Qxe6
24.Bg5 Qf5 25.Bxe7 Rf7 26.Nc5 Nb6 27.Kb1 Nc4 28.Qd3 Re8 29.Qxf5 Rxf5 30.Nb3 Rf2
31.Bxb4 Ra8 32.Bc3 Rxg2 33.Rg1 Rxg1 34.Rxg1 Kh7 35.Nc5 Bh6 36.Re1 Bd2 37.Re7+ Kh6
38.Bxd2+ Nxd2+ 39.Kc1 Nf3 40.h3 Nxd4 41.Kd2 Rc8 42.Nb7 Rxc2+ 43.Kd3 Rc4 44.Rd7 Rxa4
45.Rxd5 Nc6 46.Rc5 Rb4 47.Nxa5 Nxa5 48.Rxa5 Rxb2 49.Ra3 Kg5 50.Ke4 Kh4 51.Ra6 Rg2
52.Kf4 g5+ 53.Kf3 Kxh3 54.Ra1 g4+ 55.Ke3 h4 56.Rh1+ Kg3 57.Rc1 h3  0-1

[Event "Moscow Alekhine op"]
[Site "Moscow"]
[Date "1996.??.??"]
[Round "4"]
[White "Aleksandrov, Aleksej"]
[Black "Fedorov, Vladislav"]
[Result "1-0"]
[WhiteElo "2535"]
[BlackElo "2455"]

1.d4 g6 2.e4 Bg7 3.Nc3 d6 4.Be3 a6 5.a4 Nd7 6.f4 b6 7.g4 Bb7 8.Bg2 e5 9.g5 h6
10.h4 c5 11.dxe5 dxe5 12.Qd2 exf4 13.Bxf4 Ne5 14.Nd5 hxg5 15.hxg5 Nc4 16.Rxh8 Bxh8
17.Qe2 Bxd5 18.exd5+ Qe7 19.Qxe7+ Nxe7 20.d6 Ra7 21.dxe7 Rxe7+ 22.Ne2 Bxb2
23.Rb1 Be5 24.Kf2 Bxf4 25.Nxf4 Re5 26.Re1 Rxe1 27.Kxe1 Ke7 28.Bf1 Ne3 29.Bxa6 Nxc2+
30.Kd2 Nd4 31.Ke3 Kd6 32.Bc4 Ke5 33.Bxf7 Kf5 34.Bxg6+ Kxg5 35.Bd3 Kf6 36.Nd5+ Ke5
37.Nxb6 Ne6 38.Be4 Kd6 39.Nc4+ Kc7 40.Bc2 Nd4 41.Bd1  1-0

[Event "RUS-Cup2"]
[Site "Moscow"]
[Date "1996.??.??"]
[Round "4"]
[White "Ivanov, Mikhail Y"]
[Black "Korotylev, Alexey"]
[Result "0-1"]
[WhiteElo "2255"]
[BlackElo "2435"]

1.e4 d6 2.d4 g6 3.Nc3 Bg7 4.Nf3 Nf6 5.Be2 O-O 6.O-O c6 7.a4 Nbd7 8.h3 Qc7
9.Be3 b6 10.Qd2 Re8 11.Rad1 a6 12.e5 Nd5 13.Nxd5 cxd5 14.exd6 Qxd6 15.Bf4 Qc6
16.Ra1 Bb7 17.Bd3 Qf6 18.Bh6 e5 19.Bxg7 Kxg7 20.Be2 e4 21.Nh2 Qd6 22.Ra3 Bc6
23.Rfa1 h5 24.h4 a5 25.Rb3 Rab8 26.Nf1 Nf8 27.Bb5 Ne6 28.g3 Bxb5 29.Rxb5 f5
30.f4 exf3 31.Ra3 Nc7 32.Rbb3 Re2 33.Qd1 Rbe8 34.Rxf3 Re1 35.Qd3 R8e4 36.Kg2 Ne6
37.c3 f4 38.Qd2 R1e2+  0-1

[Event "Moscow Alekhine op"]
[Site "Moscow"]
[Date "1996.??.??"]
[Round "6"]
[White "Voitsekhovsky, Stanislav"]
[Black "Korotylev, Alexey"]
[Result "1-0"]
[WhiteElo "2485"]
[BlackElo "2440"]

1.e4 d6 2.d4 g6 3.Nc3 Bg7 4.Be3 c6 5.h3 Nd7 6.f4 b5 7.Bd3 Nb6 8.Nf3 Nf6 9.O-O O-O
10.Qe1 a5 11.Qh4 b4 12.Ne2 e6 13.f5 exf5 14.exf5 Re8 15.Bh6 Bxf5 16.Bxf5 Rxe2
17.Bd3 Re7 18.Ng5 Nbd7 19.a3 Bxh6 20.Qxh6 bxa3 21.Rxa3 Qb6 22.Qh4 Rae8 23.Rb3 Qc7
24.Bf5 Nf8 25.Rbf3 Re3 26.Rxe3 Rxe3 27.Bd3 N8d7 28.Nxf7 Kxf7 29.Qxh7+ Ke8
30.Rxf6 Kd8 31.Rxg6  1-0

[Event "Moscow Alekhine op"]
[Site "Moscow"]
[Date "1996.??.??"]
[Round "6"]
[White "Aleksandrov, Aleksej"]
[Black "Cherniaev, Alexander"]
[Result "1-0"]
[WhiteElo "2535"]
[BlackElo "2430"]

1.d4 d6 2.e4 g6 3.Nc3 Bg7 4.Be3 a6 5.a4 Nf6 6.h3 O-O 7.g4 b6 8.Bg2 Bb7 9.Nge2 Nbd7
10.O-O e5 11.Ng3 c6 12.f4 exf4 13.Bxf4 Ne8 14.Qd2 c5 15.Nce2 cxd4 16.Nxd4 Ne5
17.b3 Qc7 18.Rad1 Rc8 19.c4 Qe7 20.Rf2 Nc6 21.Nc2 Be5 22.Ne2 Nb8 23.Nc3 Nd7
24.Nd5 Qd8 25.Nd4 Nc5 26.Bh6 Ng7 27.Rdf1 Bxd5 28.exd5 Qd7 29.Nc6 f6 30.b4 Nxa4
31.Qc2 b5 32.c5 Bc3 33.Rf3 Bb2 34.Bf4 Be5 35.Bxe5 fxe5 36.Rf6 Rxf6 37.Rxf6 Ne8
38.Qf2 Nc3 39.cxd6 Nxd6 40.Qe3 Na4 41.Qxe5  1-0

[Event "Moscow-ch"]
[Site "Moscow"]
[Date "1996.??.??"]
[Round "6"]
[White "Parfenov, Vladislav"]
[Black "Rosanov, Lev I"]
[Result "1/2-1/2"]
[WhiteElo "2300"]
[BlackElo "2195"]

1.e4 g6 2.d4 Bg7 3.Nc3 d6 4.Be3 a6 5.Qd2 b5 6.a4 b4 7.Na2 a5 8.c3 bxc3 9.bxc3 Nd7
10.Bb5 Bb7 11.f3 c6 12.Bd3 Qc7 13.Ne2 d5 14.O-O Nb6 15.Bf4 Qd8 16.Rfb1 Nf6
17.Bh6 O-O 18.e5 Ne8 19.Nac1 Ba6 20.Bxa6 Rxa6 21.Nd3 Nc4 22.Qc1 Rb6 23.Nc5 Bxh6
24.Qxh6 Ng7 25.Rxb6 Qxb6 26.Qc1 Qa7 27.Nf4 Rb8 28.Rb1 Rxb1 29.Qxb1 Nxe5 30.Qb7 Qxb7
31.Nxb7 Nc4 32.Nd8 e6 33.Nxc6 Nb6 34.Nxa5 Nxa4 35.c4 dxc4 36.Nxc4 Nf5 37.Ne2 Kg7
38.Kf2 Ne7 39.Ke3 Nd5+ 40.Kd3 h6 41.g3 h5 42.Kc2 Kf6 43.Kd3 Kf5 44.Nd6+ Kf6
45.Nc4  1/2-1/2

[Event "RUS-Cup2"]
[Site "Moscow"]
[Date "1996.??.??"]
[Round "7"]
[White "Abashev, Denis"]
[Black "Bitman, Alexander R"]
[Result "1-0"]
[WhiteElo "2320"]
[BlackElo "2220"]

1.e4 g6 2.d4 Bg7 3.Nc3 d6 4.Be3 a6 5.Qd2 b5 6.f3 Nd7 7.g4 c5 8.h4 h6 9.Nge2 Ngf6
10.Bh3 cxd4 11.Nxd4 Ne5 12.b3 Bd7 13.Nce2 Qc8 14.Bg2 a5 15.O-O Ra6 16.Rac1 Qb8
17.Rb1 d5 18.f4 Nexg4 19.e5 Ne4 20.Bxe4 dxe4 21.Ng3 Qa8 22.c4 bxc4 23.bxc4 O-O
24.Nb5 Qc6 25.c5 f6 26.exf6 Qxf6 27.Nxe4 Qxh4 28.Nd4 Bxd4 29.Bxd4 Re6 30.Rb6 Rxe4
31.Rxg6+ Kf7 32.Rg7+ Ke8 33.Qg2 Bc6 34.Rxg4 Qh5 35.Be5 Bd5 36.Rf3 Rxe5 37.Rgg3 Bxf3
38.Rxf3 Re1+ 39.Kf2 Qh4+ 40.Rg3  1-0

[Event "Moscow-ch"]
[Site "Moscow"]
[Date "1996.??.??"]
[Round "7"]
[White "Rosanov, Lev I"]
[Black "Loginov, Anton"]
[Result "1-0"]
[WhiteElo "2195"]
[BlackElo "2275"]

1.e4 g6 2.d4 Bg7 3.Nc3 d6 4.Be3 c6 5.a4 d5 6.h3 e6 7.Nf3 a5 8.Bd3 Na6 9.O-O Nb4
10.Be2 f6 11.Re1 Kf8 12.Bf4 b6 13.Qd2 h6 14.Bd1 g5 15.Bh2 h5 16.e5 f5 17.Nxg5 h4
18.Bf4 Ra7 19.Nf3 Bh6 20.Ng5 Rg7 21.Nf3 Na6 22.Ne2 Nc7 23.c3 Bd7 24.Nc1 c5
25.b3 c4 26.Be2 Qe8 27.Kh1 cxb3 28.Nxb3 Bxa4 29.Reb1 Bb5 30.Bxb5 Nxb5 31.Bxh6 Rxh6
32.Qd3 Nc7 33.Nbd2 Na8 34.c4 Qc6 35.c5 Rb7 36.cxb6 Rxb6 37.Rxa5 Ne7  1-0

[Event "Moscow-ch"]
[Site "Moscow"]
[Date "1996.??.??"]
[Round "8"]
[White "Tchernyi, Viktor"]
[Black "Zudov, Oleg"]
[Result "1-0"]
[WhiteElo "2355"]
[BlackElo "2165"]

1.d4 g6 2.e4 Bg7 3.Nc3 d6 4.Be3 c6 5.Qd2 Nd7 6.O-O-O b5 7.Kb1 Nb6 8.Nf3 Qc7
9.e5 d5 10.Bf4 e6 11.h4 b4 12.Ne2 Nc4 13.Qe1 a5 14.Nc1 Ba6 15.Nb3 h5 16.Nc5 Bb5
17.Ng5 Bf8 18.Rh3 Bxc5 19.dxc5 Qa7 20.a4 bxa3 21.Bxc4 Bxc4 22.Rxa3 Qxc5 23.Be3 Qb5
24.b3 Be2 25.Rd4 Ne7 26.Raa4  1-0

[Event "RUS-Cup2"]
[Site "Moscow"]
[Date "1996.??.??"]
[Round "8"]
[White "Olenin, Nikolay"]
[Black "Bujakevich, Aleksandr"]
[Result "1-0"]
[WhiteElo "2385"]
[BlackElo "2300"]

1.e4 d6 2.d4 g6 3.Nc3 Bg7 4.f4 Nd7 5.Nf3 c6 6.Bd3 e5 7.dxe5 dxe5 8.O-O exf4
9.Kh1 g5 10.e5 Nc5 11.Nxg5 Qxg5 12.Bxf4 Qd8 13.Qh5 Nxd3 14.Rad1 Nxf4 15.Rxd8+ Kxd8
16.Qg5+ Ne7 17.Rxf4 Bf8 18.Rd4+ Ke8 19.Ne4 Nd5 20.Nf6+  1-0

[Event "RUS-Cup2"]
[Site "Moscow"]
[Date "1996.??.??"]
[Round "8"]
[White "Mukhametov, Eldar"]
[Black "Zlochevskij, Alexander"]
[Result "1/2-1/2"]
[WhiteElo "2485"]
[BlackElo "2415"]

1.e4 g6 2.d4 Bg7 3.Nc3 d6 4.Be3 c6 5.Qd2 b5 6.Bd3 a6 7.a4 Bb7 8.Nf3 Nd7 9.O-O Qc7
10.Rfe1 b4 11.Ne2 c5 12.Ng3 e6 13.c3 bxc3 14.bxc3 h6 15.d5 exd5 16.exd5 Ne7
17.Bf4  1/2-1/2

[Event "Moscow-ch"]
[Site "Moscow"]
[Date "1996.??.??"]
[Round "9"]
[White "Zamanov, Ansar M"]
[Black "Zudov, Oleg"]
[Result "1-0"]
[WhiteElo "2390"]
[BlackElo "2165"]

1.d4 g6 2.e4 Bg7 3.Nc3 d6 4.Bg5 Nc6 5.Nge2 h6 6.Be3 Nf6 7.f3 O-O 8.g4 e5
9.d5 Ne7 10.Qd2 c6 11.dxc6 bxc6 12.Bxh6 d5 13.Bxg7 Kxg7 14.Ng3 Rb8 15.b3 Rb4
16.Bd3 Rd4 17.g5 Nh7 18.Nce2 dxe4 19.fxe4 Rd6 20.h4 Ba6 21.O-O-O Bxd3 22.cxd3 c5
23.Qc3 Nc6 24.Qxc5 Qd7 25.Kb2 Re8 26.d4 exd4 27.h5 Nf8 28.hxg6 fxg6 29.Nf4 d3
30.Nfh5+ Kg8 31.Nf6+ Rxf6 32.gxf6 Nd4 33.Qd5+ Qxd5 34.exd5 Re2+ 35.Kb1 Nb5
36.Rxd3 Na3+ 37.Ka1 Nd7  1-0

[Event "Moscow-ch"]
[Site "Moscow"]
[Date "1996.??.??"]
[Round "9"]
[White "Olenin, Nikolay"]
[Black "Krasnov, Sergey"]
[Result "0-1"]
[WhiteElo "2385"]
[BlackElo "2295"]

1.e4 g6 2.d4 Bg7 3.Nc3 d6 4.f4 c6 5.Nf3 Bg4 6.Be2 Qb6 7.e5 dxe5 8.Nxe5 Bxe2
9.Nxe2 Nf6 10.O-O Nbd7 11.a4 a5 12.Ra3 O-O 13.Kh1 Rad8 14.Qe1 Qc7 15.Qh4 c5
16.Rc3 Qd6 17.Nxd7 Qxd7 18.f5 Qxa4 19.Rxc5 Rc8 20.Rxc8 Rxc8 21.c3 Qc4 22.Re1 a4
23.h3 b5 24.Ng3 b4 25.fxg6 hxg6 26.Bh6 Bxh6 27.Qxh6 Qd3 28.Re3 Qb1+ 29.Kh2 a3
30.bxa3 bxa3 31.Rf3 a2 32.Nf5 Qxf5 33.Rxf5 a1=Q 34.Rf4 Qxc3 35.Rh4  0-1

[Event "Moscow-ch"]
[Site "Moscow"]
[Date "1996.??.??"]
[Round "9"]
[White "Rovensky, Mikhail"]
[Black "Parfenov, Vladislav"]
[Result "1-0"]
[WhiteElo "2285"]
[BlackElo "2300"]

1.e4 g6 2.d4 Bg7 3.Nc3 d6 4.Be2 Nf6 5.Nf3 O-O 6.O-O Bg4 7.Ng5 Bxe2 8.Qxe2 Nc6
9.Rd1 Nd7 10.Be3 e6 11.f4 Nb6 12.h4 d5 13.e5 h6 14.Nf3 h5 15.g4 hxg4 16.Ng5 Ne7
17.Qxg4 Nf5 18.Rd3 Bh6 19.Nf3 Kg7 20.Ne2 Nc8 21.b3 Rg8 22.Bc1 Kf8 23.Ba3+ Ke8
24.c4 Bf8 25.Bxf8 Kxf8 26.cxd5 Qxd5 27.Nc3 Qc6 28.Ng5 Rh8 29.h5 Nce7 30.Nce4 Rxh5
31.Rh3 Qb6 32.Nc5 Qc6 33.Rxh5 gxh5 34.Qxh5 Qd5 35.Qxf7+  1-0

[Event "Moscow-ch"]
[Site "Moscow"]
[Date "1996.??.??"]
[Round "9"]
[White "Korneev, Dm V"]
[Black "Taubin, Grigorij"]
[Result "1-0"]
[WhiteElo "2145"]
[BlackElo "2305"]

1.e4 d6 2.d4 g6 3.Nc3 Bg7 4.Be3 Nd7 5.Bc4 c6 6.Nf3 Nb6 7.Bb3 d5 8.h3 a5 9.a4 h5
10.Qe2 Nh6 11.exd5 cxd5 12.Nxd5 Nxd5 13.Qb5+ Bd7 14.Qxd5 Bc6 15.Qc4 Bxf3
16.Bxh6 Bd5 17.Qxd5 Qxd5 18.Bxd5 Rxh6 19.Bxb7 Rb8 20.Bc6+ Kf8 21.O-O-O g5
22.Bb5 Rd6 23.c3 Rc8 24.Kb1 h4 25.Rhe1 Rcd8 26.Re2 e5 27.Rde1 f6 28.dxe5 fxe5
29.c4 Rc8 30.Kc2 Ke7 31.Rd1 Rxd1 32.Kxd1 Rd8+ 33.Kc2 Rd4 34.b4 axb4 35.Kb3 Kd8
36.Kxb4 Bf8+ 37.Kc3 Bd6 38.a5 Kc8 39.Re3 Rf4 40.Rd3 Bc5 41.Rd7 Rxf2 42.a6 Rxg2
43.Rg7 Rg3+ 44.Kc2 Ra3 45.Rxg5 Rxh3 46.Rxe5 Rh2+ 47.Kd3 Rh3+ 48.Ke2 Bb6 49.c5 Bd8
50.Rh5 Ra3 51.Rh7 h3 52.Bc4 Ra5 53.Rb7 Bc7 54.Be6+ Kd8 55.a7 h2 56.Bd5  1-0

[Event "RUS-Cup2"]
[Site "Moscow"]
[Date "1996.??.??"]
[Round "9"]
[White "Cherniaev, Alexander"]
[Black "Bitman, Alexander R"]
[Result "1-0"]
[WhiteElo "2420"]
[BlackElo "2220"]

1.e4 g6 2.d4 Bg7 3.Nc3 d6 4.Be3 a6 5.a4 Nc6 6.h3 e5 7.Nf3 exd4 8.Nxd4 Nf6
9.g3 O-O 10.Bg2 Bd7 11.O-O Re8 12.Re1 Nb4 13.Qd2 c5 14.Nde2 Bc6 15.Bg5 h6
16.Bxf6 Qxf6 17.a5 h5 18.h4 Rad8 19.f4 d5 20.exd5 Qf5 21.Red1 Bb5 22.Nxb5 axb5
23.c3 Nc2 24.Rac1 Ne3 25.Re1 Nxg2 26.Kxg2 Qe4+ 27.Kh2 Rxd5 28.Nd4 cxd4 29.Rxe4 Rxe4
30.cxd4 Rexd4 31.Qe3 Rd2+ 32.Kh3 Rd7 33.Rc7 Rh2+ 34.Kxh2 Rxc7 35.Qe8+ Kh7
36.b4 Rc2+ 37.Kh3 Rb2 38.Qxf7 Rxb4 39.Qxb7 Rb1 40.a6  1-0

[Event "RUS-Cup2"]
[Site "Moscow"]
[Date "1996.??.??"]
[Round "9"]
[White "Belikov, Vladimir"]
[Black "Daschian, Nikolai V"]
[Result "1-0"]
[WhiteElo "2510"]
[BlackElo "2415"]

1.e4 g6 2.d4 Bg7 3.Nc3 d6 4.Be3 c6 5.Qd2 b5 6.Bd3 Nd7 7.Nf3 Qc7 8.O-O Ngf6
9.Bh6 O-O 10.Bxg7 Kxg7 11.Ne2 c5 12.c3 a6 13.Ng3 h6 14.Rae1 Nb6 15.Qf4 Nc4
16.Qc1 Nb6 17.e5 dxe5 18.dxe5 Nfd5 19.Nh4 e6 20.Re4 Ne7 21.Rfe1 Nf5 22.Rg4 Nxg3
23.Rxg3 Nd5 24.Nxg6 fxg6 25.Rxg6+ Kf7 26.Qxh6 Ke8 27.Rg7 Bd7 28.Qg5  1-0

[Event "Moscow-ch"]
[Site "Moscow"]
[Date "1996.??.??"]
[Round "10"]
[White "Bitman, Alexander R"]
[Black "Moizhess, Igor"]
[Result "0-1"]
[WhiteElo "2220"]
[BlackElo "2410"]

1.e4 g6 2.d4 Bg7 3.Nc3 d6 4.f4 a6 5.Nf3 b5 6.a3 Nd7 7.d5 Bb7 8.Nd4 Ngf6 9.Be2 O-O
10.O-O Rc8 11.Kh1 Nb8 12.Bf3 c6 13.dxc6 Nxc6 14.Nxc6 Bxc6 15.Nd5 Nd7 16.c3 a5
17.Re1 e6 18.Ne3 Nc5 19.Ng4 Qc7 20.f5 f6 21.fxe6 a4 22.Nh6+ Bxh6 23.Bxh6 Rfe8
24.Qe2 Rxe6 25.Rad1 Rce8 26.Qf1 Qb7 27.Bg4 f5 28.Bf3 Bxe4 29.Bxe4 Nxe4 30.Kg1 g5
31.Qxf5 Rxh6 32.Rd5 Rf6 33.Rxe4 Rxf5  0-1

[Event "JUG-chT"]
[Site "Niksic"]
[Date "1996.??.??"]
[Round "?"]
[White "Ristic, Nebojsa"]
[Black "Nikolic, Sava N"]
[Result "1/2-1/2"]
[WhiteElo "2395"]
[BlackElo "2335"]

1.d4 g6 2.e4 Bg7 3.Nc3 d6 4.g3 Nc6 5.d5 Ne5 6.h3 Nf6 7.f4 Ned7 8.Be3 O-O
9.Nge2 c6 10.dxc6 bxc6 11.Bg2 Rb8 12.Rb1 Qa5 13.O-O Ba6 14.Re1 c5 15.g4 Nb6
16.b3 Nfd7 17.Qd2 Rfc8 18.Nd5 Qxd2 19.Bxd2 Nxd5 20.exd5 c4 21.b4 c3 22.Be3 Bxe2
23.Rxe2 Rc7 24.Rb3  1/2-1/2

[Event "JUG-chT"]
[Site "Niksic"]
[Date "1996.??.??"]
[Round "?"]
[White "Perovic, Dragan"]
[Black "Vujadinovic, Goran"]
[Result "1/2-1/2"]
[WhiteElo "2390"]
[BlackElo "2385"]

1.e4 g6 2.d4 d6 3.Nc3 Bg7 4.Bg5 c6 5.Qd2 b5 6.a3 Bb7 7.f4 Nd7 8.Nf3 a6 9.e5 f6
10.Bh4 Nh6  1/2-1/2

[Event "JUG-chT"]
[Site "Niksic"]
[Date "1996.??.??"]
[Round "?"]
[White "Markovic, Zoran"]
[Black "Nikolic, Sava N"]
[Result "1/2-1/2"]
[WhiteElo "2095"]
[BlackElo "2335"]

1.e4 g6 2.d4 Bg7 3.Nc3 d6 4.f4 Nf6 5.Nf3 O-O 6.Bd3 Na6 7.O-O c5 8.d5 Nc7
9.a4 a6 10.Qe1 Bg4 11.a5 Bxf3 12.Rxf3 e6 13.dxe6 Nxe6 14.Qh4 Nd4 15.Rh3 Nh5
16.Qxd8 Raxd8 17.Nd5 Nf6 18.Nxf6+ Bxf6 19.Ra4 Rc8 20.Bd2 Rfe8 21.b3 Bg7 22.Kf1  1/2-1/2